000 00451cam a2200145 4500500
005 20260322001428.0
041 _afre
042 _adc
100 1 0 _aJoignot, Frédéric
_eauthor
245 0 0 _aSur une île déserte
260 _c2007.
500 _a5
786 0 _nPhilosophie magazine | 15 | 12 | 2007-12-01 | p. 4-4 | 1951-1787
856 4 1 _uhttps://shs.cairn.info/magazine-philosophie-magazine-2007-12-page-4?lang=fr&redirect-ssocas=7080
999 _c1714661
_d1714661